000 00822nam a22002297a 4500
003 DO-SdBNP
005 20210907141306.0
007 ta
008 210907b 2018 dr 00| 0 eng d
020 _a9789945897296
040 _aDO-SdBNP
_bspa
_cBNPHU
100 1 _aSánchez Maríñez, Julio
_91591
245 1 _aHacia un nuevo paradigma en la formación de docentes en la República Dominicana /
_cJulio Sánchez Maríñez ; prólogo Ramón Flores
260 _aSanto Domingo :
_bInstituto superior de formación docente Salomé Ureña,
_c2018.
300 _a81 p. ;
_c23 cm.
500 _aIncluye datos biográficos del autor en la solapa de la cubierta
504 _aBibliografías : p. 79-81
590 _aInventariado, 2021/BT
700 1 _aFlores, Ramón,
_epról.
_917472
910 _aBtavárez
942 _2ddc
_cLBS1
999 _c50441
_d50441